000
00341nam a2200145Ia 4500
008
230818s2002 xx 000 0 und d
041
_a
eng
082
_a
839.82
100
_a
Fuller/Currie
245
_a
The Waiter
260
_b
Sterling Book Hos.Pub
_c
2002
300
_a
214p
520
_a
General
999
_c
851807
_d
851807
650
_a
Food and Beverage service